| 000 | 01292cad a22002295a 4500 | ||
|---|---|---|---|
| 001 | L149318 | ||
| 008 | 100218s2010 xxk f 000 0 eng d | ||
| 035 | _a(Sirsi) u149318 | ||
| 041 | 0 | _aeng | |
| 050 | 0 | 4 | _a333.33 $2 18 |
| 100 | 1 | _aStratton, Henry | |
| 245 | 0 | 0 |
_aUK real estate quarterly _bQ4 2009 _h[electronic resource] |
| 260 |
_aLondon _bRREEF _c2009 |
||
| 490 | 0 |
_aRREEF UK Real Estate Quarterly _vQ4 2009 |
|
| 520 | _aInvestment activity fell sharply and is likely to average around twenty billion pounds in the two years to end 2009. Third quarter 2009 has however seen a sharp turnaround in the performance of UK property, driven largely by the limited availability of good quality stock and an increase in the weight of capital being allocated to the sector. Anticipates the prospects for investment activity over the next 18 months. Suggests that yield compression will lead to a sharp rise in investment activity and investment volumes will rise sharply during 2010. | ||
| 590 | _aKA | ||
| 651 | 4 |
_aUnited Kingdom _y |
|
| 690 | _aPROPERTY-COMMERCIAL PROPERTY-COMMERCIAL PROPERTY FINANCE AND INVESTMENT | ||
| 700 | 1 | _aHobbs, Peter | |
| 856 | 4 | 0 |
_uhttps://www.rreef.com/cps/rde/xchg/ai_en/hs.xsl/3309.html _zView the report free of charge at www.rreef.com... |
| 942 | _n0 | ||
| 999 |
_c110464 _d110464 |
||